Principal Cities of Ohio - Statistics

General Stats
  • This quiz has been taken 46 times
  • The average score is 19 of 49
Answer Stats
Population Answer % Correct
309,317 Cincinnati
100%
372,624 Cleveland
100%
905,748 Columbus
100%
270,871 Toledo
94%
137,644 Dayton
90%
60,068 Youngstown
90%
190,469 Akron
87%
70,872 Canton
77%
35,579 Lima
61%
58,662 Springfield
61%
25,095 Sandusky
55%
24,765 Zanesville
55%
23,849 Athens
52%
52,656 Elyria
48%
47,534 Mansfield
48%
22,059 Chillicothe
45%
57,862 Kettering
45%
17,066 Defiance
42%
17,975 Ashtabula
39%
18,252 Portsmouth
39%
39,201 Warren
39%
40,313 Findlay
35%
13,385 Marietta
35%
35,999 Marion
32%
17,677 New Philadelphia
29%
18,161 Steubenville
29%
27,232 Wooster
29%
10,089 Cambridge
26%
17,953 Tiffin
26%
19,225 Ashland
23%
6,252 Jackson
23%
20,589 Sidney
23%
12,664 Wilmington
23%
11,050 Coshocton
19%
11,915 Salem
19%
14,401 Washington Court House
19%
14,115 Bellefontaine
16%
11,684 Bucyrus
16%
10,935 Celina
16%
15,930 Fremont
16%
32,146 Massillon
16%
16,956 Mount Vernon
16%
11,092 Van Wert
16%
9,957 Wapakoneta
16%
12,786 Greenville
13%
11,115 Urbana
13%
40,213 Boardman
10%
13,112 Dover
10%
10,453 Galion
10%
No matching quizzes found
Score Distribution
Percent of People with Each Score
Percentile by Number Answered
Your Score History
You have not taken this quiz